书目信息 |
| 题名: |
中国地图册
|
|
| 作者: | 朱大仁 主编 | |
| 分册: | ||
| 出版信息: | 北京 中国地图出版社 2002 |
|
| 页数: | 34页 | |
| 开本: | 18cm | |
| 丛书名: | ||
| 单 册: | ||
| 中图分类: | K992.2 | |
| 科图分类: | ||
| 主题词: | 行政区地图--中国 | |
| 电子资源: | ||
| ISBN: | 7-5031-2150-5 | |
| 000 | 00580nam0 2200217 450 | |
| 001 | 0632112328 | |
| 005 | 20060220090250.32 | |
| 010 | @a7-5031-2150-5@dCNY10.00 | |
| 092 | @aCN | |
| 100 | @a20060220d2002 km y0chiy0120 ea | |
| 101 | 0 | @achi |
| 102 | @aCN@b110000 | |
| 200 | 1 | @a中国地图册@Azhong guo di tu ce@f朱大仁主编@Fzhu da ren zhu bian |
| 205 | @a10版 | |
| 210 | @a北京@c中国地图出版社@d2002 | |
| 215 | 1 | @a34页@d18cm |
| 606 | 0 | @a行政区地图@y中国 |
| 690 | @aK992.2@v4 | |
| 701 | 0 | @a朱大仁@Azhu da ren@4主编 |
| 801 | 0 | @aCN@bPFT@c20060220 |
| 905 | @a10447@dK992.2@e59=10 | |
| 中国地图册/朱大仁主编.-10版.-北京:中国地图出版社,2002 |
| 34页;18cm |
| ISBN 7-5031-2150-5:CNY10.00 |
| ● |
| 相关链接 |
|
|
|
|
正题名:中国地图册
索取号:K992.2/59=10
 
预约/预借
| 序号 | 登录号 | 条形码 | 馆藏地/架位号 | 状态 | 备注 |
| 1 | 0338308 | 203383089 | 第二样本阅览室/ [索取号:K992.2/59=10] | 在馆 | |
| 2 | 0338309 | 203383098 | 第二借阅区/ [索取号:K992.2/59=10] | 在馆 | |
| 3 | 0338310 | 203383105 | 第二借阅区/ [索取号:K992.2/59=10] | 在馆 | |
| 4 | 0338311 | 203383114 | 第二借阅区/ [索取号:K992.2/59=10] | 在馆 |